Top 10 des pays qui consomment le plus de thé - Statistiques

Statistiques générales
  • Ce quiz a été pris 110 fois
  • Le résultat moyen est 5 sur 10
Statistiques - réponses
Consommation annuelle par habitant Pays % Correct
3) 1.94 kg Royaume Uni
93%
7) 1.22 kg Maroc
74%
1) 3.16 kg Turquie
60%
2) 2.19 kg Irlande
54%
6) 1.38 kg Russie
53%
10) 1.01 kg Egypte
51%
5) 1.50 kg Iran
37%
4) 1.50 kg Pakistan
34%
8) 1.19 kg Nouvelle Zélande
19%
9) 1.19 kg Chili
9%
Aucun quiz correspondant
Distribution des résultats
% des personnes avec chaque résultat
Percentile par nombre de réponses
Votre historique - résultats
Vous n’avez pas pris ce quiz